Countries Closest to Panama - One Minute Sprint - Statistics

General Stats
  • This quiz has been taken 295 times
  • The average score is 15 of 20
Answer Stats
km country miles % Correct
0 Colombia 0
96%
159 Nicaragua 99
93%
445 Venezuela 277
93%
0 Costa Rica 0
92%
568 Honduras 393
90%
659 El Salvador 410
86%
880 Guatemala 547
86%
959 Belize 596
83%
1093 Mexico 679
83%
652 Ecuador 405
82%
1148 Cuba 713
81%
855 Peru 531
80%
1084 Brazil 673
79%
927 Jamaica 576
71%
1084 Haiti 674
70%
1173 Dominican Republic 729
64%
906 Aruba
Trinidad and Tobago
563
54%
1380 Bahamas 857
42%
984 Curaçao
Grenada
611
41%
1055 Netherlands
(at Bonaire)
656
11%
No matching quizzes found
Score Distribution
Percent of People with Each Score
Percentile by Number Answered
Your Score History
You have not taken this quiz